Britney Spears' Discography (July 2023) - Statistics

General Stats
  • This quiz has been taken 127 times
    103 since last reset
  • The average score is 89 of 164
Answer Stats
Album Track # Answer % Correct
...Baby One More Time 1 ...Baby One More Time
100%
In The Zone 6 Toxic
98%
Circus 1 Womanizer
98%
Oops!... I Did It Again 1 Oops!... I Did It Again
95%
Circus 2 Circus
93%
Blackout 1 Gimme More
89%
Britney 1 I'm a Slave 4 U
86%
In The Zone 1 Me Against the Music (feat. Madonna)
84%
Oops!... I Did It Again 2 Stronger
84%
Oops!... I Did It Again 7 Lucky
82%
...Baby One More Time 3 Sometimes
82%
...Baby One More Time 2 (You Drive Me) Crazy
82%
Femme Fatale 4 I Wanna Go
80%
Britney Jean 2 Work B**ch
77%
Britney 5 Boys
75%
Britney 4 I'm Not a Girl, Not Yet a Woman
75%
Greatest Hits: My Prerogative 1 My Prerogative
75%
Blackout 2 Piece of Me
75%
Femme Fatale 1 Till the World Ends
75%
The Singles Collection 1 3
73%
...Baby One More Time 5 Born to Make You Happy
73%
Femme Fatale 12 Criminal
73%
In The Zone 12 Everytime
73%
Femme Fatale 2 Hold It Against Me
73%
Britney 7 I Love Rock 'n' Roll
73%
Britney 2 Overprotected
73%
Blackout 3 Radar
73%
Circus (Deluxe/Bonus) 13 Radar
73%
Blackout 4 Break the Ice
70%
...Baby One More Time 6 From the Bottom of My Broken Heart
70%
Blackout 9 Hot as Ice
70%
Circus 6 If U Seek Amy
70%
Glory 2 Make Me... (feat. G-Eazy)
70%
Britney 8 Cinderella
68%
Oops!... I Did It Again 15 Dear Diary
68%
Circus 4 Kill the Lights
68%
Britney Jean 3 Perfume
68%
Blackout 6 Get Naked (I Got a Plan)
66%
In The Zone 7 Outrageous
66%
Greatest Hits: My Prerogative 2 Do Somethin'
64%
...Baby One More Time 11 E-Mail My Heart
64%
Blackout 7 Freakshow
64%
Oops!... I Did It Again 4 (I Can't Get No) Satisfaction
64%
Glory 8 Slumber Party
64%
Oops!... I Did It Again 6 What U See (Is What U Get)
64%
Blackout 5 Heaven on Earth
61%
Non-Album Collaboration Tracks - Hold Me Closer (with Elton John)
61%
In The Zone 2 (I Got That) Boom Boom [feat. Ying Yang Twins]
61%
Non-Album Collaboration Tracks - Scream & Shout (by will.i.am)
61%
...Baby One More Time 4 Soda Pop
61%
Blackout 8 Toy Soldier
61%
...Baby One More Time (Bonus) 14 Autumn Goodbye
59%
In The Zone 4 Breathe on Me
59%
Blackout 10 Ooh Ooh Baby
59%
Circus (Deluxe/Bonus) 15 Phonography
59%
Circus 5 Shattered Glass
59%
Glory (Deluxe Reissue) 19 Swimming in the Stars
59%
In The Zone 8 Touch of My Hand
59%
Circus 7 Unusual You
59%
Britney Jean 1 Alien
57%
Britney 10 Bombastic Love
57%
Chaotic (EP) 1 Chaotic
57%
Blackout (Bonus) 14 Everybody
57%
Britney 9 Let Me Be
57%
Femme Fatale (Deluxe/Bonus) 15 Selfish
57%
...Baby One More Time 12 The Beat Goes On
57%
Britney 6 Anticipating
55%
Oops!... I Did It Again 5 Don't Let Me Be the Last to Know
55%
In The Zone 5 Early Mornin'
55%
Britney 3 Lonely
55%
Glory (Deluxe Reissue) 20 Matches (with Backstreet Boys)
55%
Circus 3 Out from Under
55%
Blackout 12 Why Should I Be Sad
55%
Femme Fatale 8 Big Fat Bass (feat. will.i.am)
52%
Circus 8 Blur
52%
In The Zone 11 Brave New Girl
52%
Oops!... I Did It Again 10 Can't Make You Love Me
52%
Oops!... I Did It Again 3 Don't Go Knockin' on My Door
52%
Femme Fatale 6 (Drop Dead) Beautiful [feat. Sabi]
52%
Blackout (Bonus) 15 Get Back
52%
Femme Fatale 3 Inside Out
52%
...Baby One More Time 7 I Will Be There
52%
Glory (Deluxe/Bonus) 18 Mood Ring
52%
Blackout 11 Perfect Lover
52%
In The Zone 10 Shadow
52%
In The Zone 3 Showdown
52%
In The Zone 9 The Hook Up
52%
...Baby One More Time (Bonus) 9 Deep In My Heart
50%
Femme Fatale 11 Gasoline
50%
Circus 11 Lace & Leather
50%
Circus 9 Mmm Papi
50%
Chaotic (EP) 3 Mona Lisa
50%
Non-Album Collaboration Tracks - Pretty Girls (with Iggy Azalea)
50%
Non-Album Collaboration Tracks - S&M (Remix) [by Rihanna]
50%
Chaotic (EP) 2 Someday (I Will Understand)
50%
In The Zone (Bonus) 13 The Answer
50%
Femme Fatale (Deluxe/Bonus) 13 Up N' Down
50%
Britney 14 What It's Like to Be Me
50%
Britney (Bonus) 12 When I Found You
50%
Britney (Bonus) 15 Before the Goodbye
48%
In The Zone (Bonus) 14 Don't Hang Up
48%
...Baby One More Time (Bonus) 13 I'll Never Stop Loving You
48%
Circus 10 Mannequin
48%
Circus 12 My Baby
48%
Femme Fatale 7 Seal It with a Kiss
48%
Britney Jean 5 Tik Tik Boom (feat. T.I.)
48%
Circus (Deluxe/Bonus) 18 Trouble
48%
Oops!... I Did It Again 9 Where Are You Now
48%
B in the Mix - And Then We Kiss (Junkie XL Remix)
45%
Britney Jean 6 Body Ache
45%
Femme Fatale (Deluxe/Bonus) 16 Don't Keep Me Waiting
45%
Femme Fatale (Deluxe/Bonus) 14 He About to Lose Me
45%
Oops!... I Did It Again (Bonus) 14 Heart
45%
Britney (Bonus) 13 I Run Away
45%
In The Zone (DVD) 1 I've Just Begun (Having My Fun)
45%
Oops!... I Did It Again 8 One Kiss from You
45%
Britney Jean 8 Passenger
45%
Circus (Deluxe/Bonus) 14 Rock Me In
45%
Britney 11 That's Where You Take Me
45%
...Baby One More Time 10 Thinkin' About You
45%
Britney Jean 7 Til It's Gone
45%
Femme Fatale 9 Trouble for Me
45%
Britney Jean (Deluxe) 11 Brightest Morning Star
43%
Femme Fatale 5 How I Roll
43%
...Baby One More Time 8 I Will Still Love You (with Don Philip)
43%
Non-Album Collaboration Tracks - MIND YOUR BUSINESS (with will.i.am)
43%
Femme Fatale 10 Trip to Your Heart
43%
Oops!... I Did It Again 11 When Your Eyes Say It
43%
Britney Jean 9 Chillin' with You (feat. Jamie Lynn)
41%
Glory (Deluxe/Bonus) 17 Coupure Électrique
41%
Britney Jean 10 Don't Cry
41%
Circus (Deluxe/Bonus) 17 Quicksand
41%
Oops!... I Did It Again (Bonus) 13 You Got It All
41%
Circus (Deluxe/Bonus) 16 Amnesia
39%
Glory (Deluxe/Bonus) 14 Change Your Mind (No Seas Cortes)
39%
Glory 7 Do You Wanna Come Over?
39%
Oops!... I Did It Again (Bonus) 12 Girl in the Mirror
39%
...Baby One More Time (Bonus) 15 I'm So Curious
39%
Non-Album Tracks - My Only Wish (This Year)
39%
Blackout (Bonus) 13 Outta This World
39%
Non-Album Tracks - Walk on By
39%
Glory 6 Clumsy
36%
Britney Jean 4 It Should Be Easy (feat. will.i.am)
36%
Femme Fatale (Deluxe/Bonus) 17 Scary
36%
Britney Jean (Deluxe) 12 Hold on Tight
34%
Glory 5 Just Luv Me
34%
Glory (Deluxe/Bonus) 15 Liar
34%
Glory 4 Man on the Moon
34%
Britney Jean (Deluxe) 13 Now That I Found You
34%
Non-Album Tracks - Ooh La La
34%
Non-Album Collaboration Tracks - Tom's Diner (by Giorgio Moroder)
34%
Glory 10 Love Me Down
32%
Chaotic (EP) 4 Over to You Now
32%
Circus (Deluxe/Bonus) 19 Rock Boy
32%
Glory (Deluxe/Bonus) 13 Better
30%
Glory 1 Invitation
30%
Glory 9 Just Like Me
30%
Glory 3 Private Show
30%
Glory 12 What You Need
30%
In The Zone (DVD) 2 Girls and Boys
27%
Glory 11 Hard to Forget Ya
25%
Glory (Deluxe/Bonus) 16 If I'm Dancing
25%
Non-Album Collaboration Tracks - SMS (Bangerz) [by Miley Cyrus]
23%
Non-Album Tracks - Intimidated
20%
No matching quizzes found
Score Distribution
Percent of People with Each Score
Percentile by Number Answered
Your Score History
You have not taken this quiz since the last reset